Las Experiencias actuales de autogestión en Argentina /

Guardat en:
Dades bibliogràfiques
Autor principal: Palomino, Héctor
Format: Text
Matèries:
Etiquetes: Afegir etiqueta
Sense etiquetes, Sigues el primer a etiquetar aquest registre!

MARC

LEADER 00000 a a2200000 04500
001 10707
003
040
100 |a Palomino, Héctor  
245 |a Las Experiencias actuales de autogestión en Argentina /  |c Héctor Palomino 
650 |a MOVIMIENTOS SOCIALES  
650 |a DESEMPLEO  
650 |a RECESION ECONOMICA  
650 |a MOVIIMIENTOS OBREROS  
773 |g número 184; páginas 115-128  
999 |c 32364  |d 32364